Score 0/14 Timer 02:00
0 Plays Today
Movie Title Missing Word % Correct
Downton _____Abbey
100%
Ordinary _____People
94.1%
A _____ with a ViewRoom
94.1%
She's Having a _____Baby
91.2%
_____-AssKick
88.2%
The Handmaid's _____Tale
82.4%
Clash of the _____Titans
82.4%
Movie Title Missing Word % Correct
Once Upon a Time in _____America
79.4%
The _____ of the DoveWings
50%
_____ in GoldWoman
50%
Native _____Son
47.1%
The _____ of MirthHouse
32.4%
Buffalo _____Soldiers
29.4%
Cheerful Weather for the _____Wedding
14.7%
Remove Ads.
Support Sporcle.
Get the best of Sporcle when you Go Orange. This ad-free experience offers more features, more stats, and more fun while also helping to support Sporcle. Thank you for becoming a member.

You're not logged in!

Compare scores with friends on all Sporcle quizzes.
OR
Log In

Show Comments

Extras

Top Quizzes Today


Score Distribution

Your Account Isn't Verified!

In order to create a playlist on Sporcle, you need to verify the email address you used during registration. Go to your Sporcle Settings to finish the process.

Report this User

Report this user for behavior that violates our Community Guidelines.

Details: